| 000 -ლიდერი |
| ფიქსირებული სიგრძის საკონტროლო ველი |
01303nam a22002297a 4500 |
| 003 - საკონტროლო ნომრის იდენტიფიკატორი |
| საკონტროლო ველი |
Ge_BSU |
| 005 - ბოლო ოპერაციის თარიღი და დრო |
| საკონტროლო ველი |
20200620200311.0 |
| 008 - ფიქსირებული სიგრძის მონაცემთა ელემენტები - ზოგადი ინფორმაცია |
| ფიქსირებული სიგრძის საკონტროლო ველი |
200525s2016 xxu||||| |||| 00| 0 geo d |
| 020 ## - წიგნის საერთაშორისო სტანდარტული ნომერი |
| International Standard Book Number |
9789941903229 |
| 041 ## - ენის კოდი |
| Language code of text/sound track or separate title |
geo |
| 080 ## - უნივერსალური ათობითი კლასიფიკაციის ინდექსი |
| Universal Decimal Classification number |
342.9(075.8) ა-28 |
| 245 ## - ცნობა სათაურის შესახებ |
| Title |
ადმინისტრაციული საპროცესო სამართლის სახელმძღვანელო : Lehrbuch zum Verwaltungsprozessrecht / |
| Statement of responsibility, etc |
მაია კოპალეიშვილი ; ნუგზარ სხირტლაძე ; ეკატერინე ქარდავა ; რედ. პაატა ტურავა . |
| 264 ## - წარმოების, გამოცემის, დისტრიბუციის და სხვა ცნობები |
| გამოცემის, წარმოების, დისტრიბუციის... ადგილი |
თბილისი: |
| გამოცემის, წარმოების, დისტრიბუციის... სახელწოდება |
ბონა კაუზა, |
| გამოცემის, წარმოების, დისტრიბუციის... თარიღი |
2016. |
| 300 ## - ფიზიკური აღწერა |
| Extent |
408 გვ.: |
| Dimensions |
19 სმ. |
| 653 ## - INDEX TERM--UNCONTROLLED |
| Uncontrolled term |
ადმინისტრაციული საპროცესო სამართლის სახელმძღვანელო |
| 653 ## - INDEX TERM--UNCONTROLLED |
| Uncontrolled term |
სამართალი |
| 700 ## - ADDED ENTRY--PERSONAL NAME |
| Personal name |
კოპალეიშვილი, მაია |
| 9 (RLIN) |
8197 |
| 700 ## - ADDED ENTRY--PERSONAL NAME |
| Personal name |
სხირტლაძე , ნუგზარ |
| 9 (RLIN) |
8198 |
| 700 ## - ADDED ENTRY--PERSONAL NAME |
| Personal name |
ქარდავა, ეკატერინე |
| 9 (RLIN) |
8199 |
| 700 ## - ADDED ENTRY--PERSONAL NAME |
| Personal name |
ტურავა, პაატა |
| Relator term |
რედაქტორი |
| 9 (RLIN) |
8200 |
| 942 ## - ADDED ENTRY ELEMENTS (KOHA) |
| Source of classification or shelving scheme |
|
| Koha item type |
წიგნი |